Statistics for Countries that Visit India the Most

Click here to take the quiz!

General Stats

  • This quiz has been taken 18,086 times
    (18,052 since last reset)
  • The average score is 8 of 10

Answer Stats

# Visitors Country % Correct
1,296,939United States
99%
251,313China
97%
941,883United Kingdom
96%
238,707France
89%
265,928Germany
85%
317,239Canada
83%
293,625Australia
82%
1,380,409Bangladesh
80%
297,418Sri Lanka
67%
301,961Malaysia
39%

Score Distribution

Percentile by Number Answered

Percent of People with Each Score

Your Score History

You have not taken this quiz since the last reset